| 000 | 00513nam a2200169 a 4500 | ||
|---|---|---|---|
| 001 | 000034939 | ||
| 005 | 20200930074011.0 | ||
| 008 | 111021s1987 dr 000 0 spa d | ||
| 040 |
_aDO-SdBNP _bspa _cBNPHU |
||
| 111 | 1 |
_aCongreso de pediatria _n(5: 18-23 de octubre _cCaracas _d1987) _960514 |
|
| 245 | 1 | 3 |
_aEl niño y la paz / _cEmil Kassa Acta. |
| 260 |
_aVenezuela : _b[s n.], _c[1987?]. |
||
| 300 |
_a36 p. ; _c23 cm. |
||
| 504 | _aBibliografía :p. 35-36 | ||
| 700 | 1 | 2 |
_aKassa Acta, Emil _960515 |
| 049 | _aBNPD | ||
| 999 |
_c34430 _d34430 |
||